भारत एकातमता स्तोत्र सचित्र दर्शन (Record no. 370050)
[ view plain ]
| 000 -LEADER | |
|---|---|
| fixed length control field | 03657 a2200157 4500 |
| 003 - CONTROL NUMBER IDENTIFIER | |
| control field | OSt |
| 005 - DATE AND TIME OF LATEST TRANSACTION | |
| control field | 20260206115040.0 |
| 008 - FIXED-LENGTH DATA ELEMENTS--GENERAL INFORMATION | |
| fixed length control field | 260206b |||||||| |||| 00| 0 eng d |
| 020 ## - INTERNATIONAL STANDARD BOOK NUMBER | |
| International Standard Book Number | 9788195236978 |
| 100 ## - MAIN ENTRY--PERSONAL NAME | |
| Personal name | वाडेकर शि. |
| 9 (RLIN) | 216429 |
| 245 ## - TITLE STATEMENT | |
| Title | भारत एकातमता स्तोत्र सचित्र दर्शन |
| 260 ## - PUBLICATION, DISTRIBUTION, ETC. (IMPRINT) | |
| Name of publisher, distributor, etc. | भारतीय विचार साधना प्रकाशन |
| Date of publication, distribution, etc. | 2021 |
| Place of publication, distribution, etc. | पुणे |
| 300 ## - PHYSICAL DESCRIPTION | |
| Extent | 135PP. |
| 520 ## - SUMMARY, ETC. | |
| Summary, etc. | भारत की भौगोलिक, सांस्कृतिक और ऐतिहासिक एकता को दर्शाने वाला 33 श्लोकों का एक स्तुतिगान है। इसमें पवित्र नदियाँ, पर्वत, महापुरुषों, राष्ट्रभक्तों, और संतों का स्मरण किया गया है, जो राष्ट्र की सांस्कृतिक अखंडता को सूत्रबद्ध करते हैं। यह स्तोत्र भारतीय संस्कृति, दार्शनिकों और राजाओं को नमन करते हुए राष्ट्रीय चेतना जागृत करता है। <br/><br/>एकात्मता स्तोत्र का मुख्य विवरण (सचित्र अवधारणा):<br/>॥ ॐ सच्चिदानन्दरूपाय नमोऽस्तु परमात्मने ॥ - स्तोत्र की शुरुआत ईश्वर के ज्योतिर्मय स्वरूप और विश्व कल्याण की कामना के साथ होती है।<br/>पवित्र भारतभूमि: इसमें भारत की नदियों (गंगा, यमुना, गोदावरी, आदि) और पर्वतों को नमन किया गया है।<br/>ऐतिहासिक और पौराणिक महापुरुष: भगवान राम, कृष्ण, भीम, अर्जुन, दधीचि, और भावी संतों को स्मरण किया गया है जो भारत की पहचान हैं।<br/>वीरांगनाएँ: अरुंधति, सावित्री, जानकी (सीता), द्रौपदी, मीरा, और दुर्गावती जैसी मातृ शक्तियों का वंदन।<br/>वैज्ञानिक और विचारक: चरक, भास्करचार्य, वराहमिहिर जैसे मनीषियों को याद किया गया है।<br/>आधुनिक राष्ट्रभक्त: रामकृष्ण परमहंस, स्वामी विवेकानंद, और विभिन्न संतों का उल्लेख जो 'अखंड भारत' की भावना को प्रेरित करते हैं। <br/>यह स्तोत्र सचित्रात्मक रूप में (जैसे हरिश्चंद्र बर्थवाल की पुस्तक) में इन महानुभावों के चित्रों के साथ उपलब्ध है, जो युवाओं में राष्ट्रीय गौरव की भावना जगाता है। |
| 942 ## - ADDED ENTRY ELEMENTS (KOHA) | |
| Koha item type | Books |
| Source of classification or shelving scheme | Dewey Decimal Classification |
| Withdrawn status | Lost status | Source of classification or shelving scheme | Damaged status | Not for loan | Home library | Current library | Date acquired | Total Checkouts | Barcode | Date last seen | Bill Date | Koha item type | Original Barcode |
|---|---|---|---|---|---|---|---|---|---|---|---|---|---|
| Dewey Decimal Classification | MKSSS s K.B. Joshi Institute of Information Technology Library | MKSSS s K.B. Joshi Institute of Information Technology Library | 16/12/2025 | KBJP-BK-3037 | 06/02/2026 | 06/02/2026 | Books | 3037 |